Wer ist das? (4) - Statistiken

Allgemein
  • Dieses Quiz wurde 128 mal gespielt
  • Das Durchschnittsergebnis liegt bei 8 aus 25
Antwortstatistiken
Bildquiz Antwort % Korrekt
Yakari
72%
Ryan Gosling
69%
Jürgen Klinsmann
67%
Jason Derulo
60%
Pharrell Williams
58%
Chris Hemsworth
53%
Rafael Nadal
53%
Chuck Norris
51%
Thomas Anders
51%
Yeliz Koc
32%
Beatrix von Storch
31%
Katrin Bauerfeind
28%
Lars Klingbeil
27%
Richard Gere
26%
Bella Poarch
24%
Armin Rohde
20%
Patricia Kelly
14%
Lukas Zerbe
12%
Olaf Malolepski
12%
Melissa Naschenweng
11%
Jacob Grimm
6%
Woodrow Wilson
4%
Theodor Fontane
3%
Ruth Handler
2%
Nina Workhard
1%
Keine übereinstimmenden Quizze gefunden
Verteilung der Resultate
Anzahl Personen mit jedem Resultat
Perzentil nach korrekt beantworteten Fragen
Ihre Resultats-Entwicklung
Sie haben dieses Quiz noch nicht gespielt